[Event "Deutsche Ländermeisterschaft 2017"]
[Site "Hannover GER"]
[Date "2017.10.04"]
[Round "7"]
[White "Chassard, Cedric"]
[Black "Schilay, Eva"]
[Result "1/2-1/2"]
[Termination "normal"]
[Board "6.5"]
[WhiteElo "1518"]
[BlackElo "1678"]
[WhiteClock "00:58:01"]
[BlackClock "00:19:38"]
[WhiteTeam "Saarland"]
[BlackTeam "Bayern"]
[PlyCount "94"]
[WhiteFideId "16243536"]
[BlackFideId "12930164"]
[EventCountry "GER"]
[EventRounds "7"]
[EventType "team-swiss"]
[EventDate "2017.09.29"]

1. e4 {[%clk 1:30:58]} d6 {[%clk 1:30:55]} 2. d4 {[%clk 1:31:17]} Nf6 {[%clk
1:31:12]} 3. Nc3 {[%clk 1:31:12]} e5 {[%clk 1:31:39]} 4. dxe5 {[%clk 1:31:24]}
dxe5 {[%clk 1:31:51]} 5. Qxd8+ {[%clk 1:31:37]} Kxd8 {[%clk 1:32:21]} 6. Bg5
{[%clk 1:31:17]} Bd6 {[%clk 1:31:17]} 7. Nf3 {[%clk 1:30:52]} Be6 {[%clk
1:28:51]} 8. O-O-O {[%clk 1:30:12]} Ke7 {[%clk 1:26:22]} 9. Nd5+ {[%clk
1:28:48]} Bxd5 {[%clk 1:24:53]} 10. Rxd5 {[%clk 1:28:24]} c6 {[%clk 1:21:25]}
11. Rd2 {[%clk 1:27:10]} Nbd7 {[%clk 1:15:41]} 12. Bxf6+ {[%clk 1:25:30]} Nxf6
{[%clk 1:16:10]} 13. Bd3 {[%clk 1:25:46]} Rhd8 {[%clk 1:09:54]} 14. Rhd1 {[%clk
1:25:31]} Rd7 {[%clk 1:07:04]} 15. c3 {[%clk 1:24:43]} b5 {[%clk 0:50:38]} 16.
Bc2 {[%clk 1:22:59]} a5 {[%clk 0:49:16]} 17. b3 {[%clk 1:20:35]} c5 {[%clk
0:44:21]} 18. Bb1 {[%clk 1:18:48]} c4 {[%clk 0:38:12]} 19. Kb2 {[%clk 1:18:14]}
Rc8 {[%clk 0:32:55]} 20. Bc2 {[%clk 1:14:42]} b4 {[%clk 0:30:44]} 21. bxc4
{[%clk 1:02:59]} Rxc4 {[%clk 0:30:47]} 22. cxb4 {[%clk 1:02:23]} Rxb4+ {[%clk
0:31:10]} 23. Ka1 {[%clk 1:02:32]} a4 {[%clk 0:15:07]} 24. Ng5 {[%clk 0:59:34]}
Rc4 {[%clk 0:09:15]} 25. Bb1 {[%clk 0:49:05]} Bb4 {[%clk 0:07:13]} 26. Rxd7+
Nxd7 {[%clk 0:07:43]} 27. Bd3 {[%clk 0:48:14]} Rd4 {[%clk 0:06:19]} 28. Bc2
{[%clk 0:47:42]} h6 {[%clk 0:04:30]} 29. Rxd4 {[%clk 0:46:10]} exd4 {[%clk
0:05:00]} 30. Nf3 {[%clk 0:46:20]} Bc3+ {[%clk 0:05:26]} 31. Kb1 {[%clk
0:46:43]} a3 {[%clk 0:05:52]} 32. Kc1 {[%clk 0:46:17]} Nc5 {[%clk 0:06:05]} 33.
Nd2 {[%clk 0:45:06]} Ke6 {[%clk 0:05:28]} 34. Nb3 {[%clk 0:44:37]} Na6 {[%clk
0:04:34]} 35. Kd1 {[%clk 0:42:59]} Nb4 {[%clk 0:04:46]} 36. Nc1 {[%clk
0:41:58]} g6 {[%clk 0:03:20]} 37. Ne2 {[%clk 0:41:17]} Bb2 {[%clk 0:02:07]} 38.
Nf4+ {[%clk 0:40:41]} Kd6 {[%clk 0:01:03]} 39. Bb1 {[%clk 0:39:07]} Nc6 {[%clk
0:00:31]} 40. Kd2 {[%clk 0:36:58]} Ne5 {[%clk 0:00:36]} 41. Nd3 {[%clk
0:34:03]} Nxd3 {[%clk 0:27:18]} 42. Kxd3 {[%clk 1:02:41]} Ke5 {[%clk 0:27:26]}
43. Bc2 {[%clk 1:01:17]} Kf4 {[%clk 0:25:02]} 44. Bd1 {[%clk 1:01:24]} f6
{[%clk 0:24:35]} 45. Be2 {[%clk 0:59:38]} Ke5 {[%clk 0:19:42]} 46. Bd1 {[%clk
0:59:35]} Bc3 {[%clk 0:19:25]} 47. Bf3 {[%clk 0:58:01]} Bb2 {[%clk 0:19:38]}
1/2-1/2

[Event "Deutsche Ländermeisterschaft 2017"]
[Site "Hannover GER"]
[Date "2017.10.04"]
[Round "7"]
[White "Alferova, Ekaterina"]
[Black "Fuchs, Emily"]
[Result "1-0"]
[Termination "normal"]
[Board "6.6"]
[WhiteElo "1515"]
[BlackElo "1275"]
[WhiteClock "01:09:21"]
[BlackClock "00:27:26"]
[WhiteTeam "Bayern"]
[BlackTeam "Saarland"]
[PlyCount "55"]
[WhiteFideId "16217250"]
[BlackFideId "16208986"]
[EventCountry "GER"]
[EventRounds "7"]
[EventType "team-swiss"]
[EventDate "2017.09.29"]

1. d4 {[%clk 1:30:57]} Nf6 {[%clk 1:30:56]} 2. c4 {[%clk 1:31:20]} e6 {[%clk
1:31:22]} 3. Nc3 {[%clk 1:31:43]} Bb4 {[%clk 1:31:49]} 4. Qc2 {[%clk 1:32:05]}
b6 {[%clk 1:29:57]} 5. e4 {[%clk 1:32:08]} Bb7 {[%clk 1:29:06]} 6. Bd3 {[%clk
1:31:25]} d5 {[%clk 1:28:05]} 7. cxd5 {[%clk 1:30:51]} exd5 {[%clk 1:28:22]} 8.
e5 {[%clk 1:30:34]} Nfd7 {[%clk 1:27:29]} 9. a3 {[%clk 1:30:17]} Be7 {[%clk
1:27:36]} 10. Nf3 {[%clk 1:30:08]} c5 {[%clk 1:26:51]} 11. dxc5 {[%clk
1:22:40]} bxc5 {[%clk 1:24:01]} 12. O-O {[%clk 1:22:07]} h6 {[%clk 1:12:21]}
13. Re1 {[%clk 1:21:09]} c4 {[%clk 1:02:48]} 14. Bf5 {[%clk 1:19:50]} d4 {[%clk
1:02:20]} 15. Nxd4 {[%clk 1:17:12]} Nxe5 {[%clk 1:00:28]} 16. Rxe5 {[%clk
1:16:40]} Qxd4 {[%clk 1:00:17]} 17. Re1 {[%clk 1:14:35]} a6 {[%clk 0:55:54]}
18. Be3 {[%clk 1:12:41]} Qf6 {[%clk 0:49:04]} 19. Bc5 {[%clk 1:11:13]} O-O
{[%clk 0:36:05]} 20. Bxe7 {[%clk 1:11:26]} Qc6 {[%clk 0:34:53]} 21. Be4 {[%clk
1:11:42]} Qd7 {[%clk 0:33:13]} 22. Bxb7 {[%clk 1:11:57]} Qxb7 {[%clk 0:33:32]}
23. Bxf8 {[%clk 1:12:19]} Nc6 {[%clk 0:32:59]} 24. Bc5 {[%clk 1:12:10]} Na5
{[%clk 0:31:03]} 25. Qe4 {[%clk 1:10:53]} Qc8 {[%clk 0:29:49]} 26. Bd4 {[%clk
1:09:13]} Rb8 {[%clk 0:28:02]} 27. Qe5 {[%clk 1:09:06]} f6 {[%clk 0:27:26]} 28.
Qxa5 {[%clk 1:09:21]} 1-0

[Event "Deutsche Ländermeisterschaft 2017"]
[Site "Hannover GER"]
[Date "2017.10.04"]
[Round "7"]
[White "Huppert, Anna"]
[Black "Butenandt, Svenja"]
[Result "0-1"]
[Termination "normal"]
[Board "6.7"]
[WhiteElo "1419"]
[BlackElo "1585"]
[WhiteClock "00:01:56"]
[BlackClock "00:38:05"]
[WhiteTeam "Saarland"]
[BlackTeam "Bayern"]
[PlyCount "80"]
[WhiteFideId "16214439"]
[BlackFideId "12993859"]
[EventCountry "GER"]
[EventRounds "7"]
[EventType "team-swiss"]
[EventDate "2017.09.29"]

1. e4 {[%clk 1:30:57]} c5 {[%clk 1:30:57]} 2. Nc3 {[%clk 1:31:19]} Nc6 {[%clk
1:31:24]} 3. f4 {[%clk 1:31:42]} g6 {[%clk 1:31:47]} 4. Nf3 {[%clk 1:32:03]}
Bg7 {[%clk 1:32:08]} 5. Bb5 {[%clk 1:32:27]} Nd4 {[%clk 1:32:07]} 6. Bd3 {[%clk
1:32:10]} Nxf3+ {[%clk 1:31:46]} 7. Qxf3 {[%clk 1:32:22]} e6 {[%clk 1:31:44]}
8. O-O {[%clk 1:30:12]} Ne7 {[%clk 1:31:32]} 9. e5 {[%clk 1:25:18]} O-O {[%clk
1:31:18]} 10. Ne4 {[%clk 1:17:05]} Qc7 {[%clk 1:25:54]} 11. Nf6+ {[%clk
1:12:13]} Kh8 {[%clk 1:25:26]} 12. Qh3 {[%clk 1:11:30]} Bxf6 {[%clk 1:25:25]}
13. exf6 {[%clk 1:11:39]} Nd5 {[%clk 1:25:20]} 14. b3 {[%clk 1:03:00]} Qb6
{[%clk 1:13:31]} 15. Kh1 {[%clk 0:59:46]} Rg8 {[%clk 1:09:27]} 16. Rf3 {[%clk
0:52:12]} h5 {[%clk 1:05:28]} 17. g4 {[%clk 0:45:01]} d6 {[%clk 0:59:11]} 18.
gxh5 {[%clk 0:33:28]} g5 {[%clk 0:59:07]} 19. fxg5 {[%clk 0:25:17]} Rxg5 {[%clk
0:59:13]} 20. Rg3 {[%clk 0:24:48]} Rxg3 {[%clk 0:56:34]} 21. Qxg3 {[%clk
0:25:04]} Nxf6 {[%clk 0:56:52]} 22. h6 {[%clk 0:24:33]} Qc6+ {[%clk 0:56:08]}
23. Kg1 {[%clk 0:19:58]} Ne8 {[%clk 0:54:33]} 24. Bb2+ {[%clk 0:19:11]} e5
{[%clk 0:54:22]} 25. Rf1 {[%clk 0:17:54]} Be6 {[%clk 0:53:33]} 26. Bg6 {[%clk
0:16:05]} Qc7 {[%clk 0:46:30]} 27. h4 {[%clk 0:12:35]} f6 {[%clk 0:45:38]} 28.
Kf2 {[%clk 0:11:12]} Qe7 {[%clk 0:44:17]} 29. Ke1 {[%clk 0:10:42]} Nc7 {[%clk
0:43:01]} 30. Bd3 {[%clk 0:09:59]} Rg8 {[%clk 0:42:32]} 31. Qf2 {[%clk
0:08:44]} Nd5 {[%clk 0:39:58]} 32. c4 {[%clk 0:07:16]} Nf4 {[%clk 0:40:10]} 33.
Bc2 {[%clk 0:07:06]} Rg2 {[%clk 0:39:48]} 34. Qf3 {[%clk 0:06:08]} Bg4 {[%clk
0:39:49]} 35. Qxg2 {[%clk 0:04:54]} Nxg2+ {[%clk 0:40:13]} 36. Kf2 {[%clk
0:05:13]} Nf4 {[%clk 0:39:43]} 37. Ke1 {[%clk 0:04:12]} Qe6 {[%clk 0:38:29]}
38. Rg1 {[%clk 0:03:05]} Bf5 {[%clk 0:38:03]} 39. Bxf5 {[%clk 0:02:27]} Qxf5
{[%clk 0:38:21]} 40. Bc3 {[%clk 0:01:56]} Qe4+ {[%clk 0:38:05]} 0-1

[Event "Deutsche Ländermeisterschaft 2017"]
[Site "Hannover GER"]
[Date "2017.10.04"]
[Round "7"]
[White "Pachmann, Johannes"]
[Black "Alhassan, Jodi"]
[Result "1-0"]
[Termination "normal"]
[Board "6.8"]
[WhiteElo "1605"]
[BlackElo "966"]
[WhiteClock "00:25:37"]
[BlackClock "00:01:55"]
[WhiteTeam "Bayern"]
[BlackTeam "Saarland"]
[PlyCount "51"]
[WhiteFideId "16250451"]
[BlackFideId "16250460"]
[EventCountry "GER"]
[EventRounds "7"]
[EventType "team-swiss"]
[EventDate "2017.09.29"]

1. e4 {[%clk 1:30:58]} c5 {[%clk 1:30:51]} 2. Nf3 {[%clk 1:31:21]} d6 {[%clk
1:31:07]} 3. d4 {[%clk 1:31:46]} cxd4 {[%clk 1:31:22]} 4. Nxd4 {[%clk 1:32:13]}
Nf6 {[%clk 1:31:20]} 5. Nc3 {[%clk 1:32:08]} a6 {[%clk 1:31:04]} 6. Bc4 {[%clk
1:31:34]} e6 {[%clk 1:27:54]} 7. O-O {[%clk 1:31:22]} Nc6 {[%clk 1:24:34]} 8.
Re1 {[%clk 1:30:58]} Qc7 {[%clk 1:09:21]} 9. f4 {[%clk 1:20:10]} Be7 {[%clk
0:57:33]} 10. Nxc6 {[%clk 1:18:10]} bxc6 {[%clk 0:52:44]} 11. Qf3 {[%clk
1:16:34]} O-O {[%clk 0:46:47]} 12. f5 {[%clk 1:13:33]} Rb8 {[%clk 0:40:49]} 13.
Bb3 {[%clk 1:02:57]} Bd7 {[%clk 0:34:28]} 14. fxe6 {[%clk 1:01:13]} fxe6 {[%clk
0:30:13]} 15. Qg3 {[%clk 1:00:31]} Kh8 {[%clk 0:24:49]} 16. Bg5 {[%clk
0:55:13]} c5 {[%clk 0:18:21]} 17. Bc4 {[%clk 0:32:13]} Rxb2 {[%clk 0:14:36]}
18. Bb3 {[%clk 0:32:02]} c4 {[%clk 0:13:42]} 19. Nd1 {[%clk 0:32:09]} cxb3
{[%clk 0:11:38]} 20. Nxb2 {[%clk 0:32:27]} bxc2 {[%clk 0:11:48]} 21. Nd3 {[%clk
0:31:17]} h6 {[%clk 0:07:21]} 22. Bd2 {[%clk 0:28:36]} Bb5 {[%clk 0:04:25]} 23.
Nf4 {[%clk 0:25:52]} Qc5+ {[%clk 0:01:47]} 24. Be3 {[%clk 0:25:49]} Qg5 {[%clk
0:01:39]} 25. Qxg5 {[%clk 0:25:18]} hxg5 {[%clk 0:01:55]} 26. Ng6+ {[%clk
0:25:37]} 1-0

[Event "Deutsche Ländermeisterschaft 2017"]
[Site "Hannover GER"]
[Date "2017.10.04"]
[Round "7"]
[White "Degenhard, Simon"]
[Black "Pfreundt, Jakob"]
[Result "0-1"]
[Termination "normal"]
[Board "7.1"]
[WhiteElo "2211"]
[BlackElo "2388"]
[WhiteTeam "Württemberg"]
[BlackTeam "Hamburg"]
[PlyCount "106"]
[WhiteFideId "12944017"]
[BlackFideId "12918156"]
[EventCountry "GER"]
[EventRounds "7"]
[EventType "team-swiss"]
[EventDate "2017.09.29"]

1. e4 e5 2. Nf3 Nc6 3. Bb5 a6 4. Ba4 Nf6 5. d3 b5 6. Bb3 Be7 7. O-O d6 8. c3
O-O 9. Re1 Na5 10. Bc2 c5 11. Nbd2 Nc6 12. Nf1 h6 13. a4 Be6 14. Ng3 Re8 15. h3
Bf8 16. d4 cxd4 17. cxd4 exd4 18. Nxd4 Nxd4 19. Qxd4 Rc8 20. Bd3 Nd7 21. axb5
Nc5 22. Bc4 Bxc4 23. Qxc4 Nxe4 24. Qe2 Nxg3 25. Qxe8 Qxe8 26. Rxe8 Rxe8 27.
fxg3 axb5 28. Bd2 Re2 29. Bc3 b4 30. Bxb4 Rxb2 31. Bc3 Rb3 32. Be1 Be7 33. g4
Bf6 34. Ra8+ Kh7 35. Bf2 Be5 36. Kf1 Rb2 37. Rd8 Kg6 38. Bh4 f5 39. gxf5+ Kxf5
40. Be7 Ke6 41. Bh4 Ra2 42. Bf2 Kd5 43. Rb8 Kc4 44. Re8 Kd3 45. g4 Ke4 46. Bg3
Kf3 47. Bxe5 dxe5 48. Ke1 e4 49. Re7 g5 50. Re6 Rh2 51. Rxh6 Rh1+ 52. Kd2 e3+
53. Kd3 Rd1+ 0-1

[Event "Deutsche Ländermeisterschaft 2017"]
[Site "Hannover GER"]
[Date "2017.10.04"]
[Round "7"]
[White "Gremmel, Jonas Simon"]
[Black "Wendler, David"]
[Result "1/2-1/2"]
[Termination "normal"]
[Board "7.2"]
[WhiteElo "1815"]
[BlackElo "2066"]
[WhiteTeam "Hamburg"]
[BlackTeam "Württemberg"]
[PlyCount "107"]
[WhiteFideId "12983896"]
[BlackFideId "12938360"]
[EventCountry "GER"]
[EventRounds "7"]
[EventType "team-swiss"]
[EventDate "2017.09.29"]

1. d4 Nf6 2. c4 c5 3. d5 b5 4. cxb5 a6 5. f3 axb5 6. e4 Qa5+ 7. b4 cxb4 8. Nd2
d6 9. Nb3 Qb6 10. Qd3 Nbd7 11. Be3 Qb8 12. Qd2 g6 13. Rc1 Bg7 14. Rc2 Ne5 15.
Qxb4 O-O 16. Qxb5 Ba6 17. Qxb8 Rfxb8 18. Bxa6 Rxa6 19. Kd2 Rba8 20. Nc1 Ra4 21.
Bg5 Nc4+ 22. Ke1 Nd7 23. Nge2 f6 24. Bd2 f5 25. exf5 gxf5 26. Bg5 Ndb6 27. Bxe7
Nxd5 28. Bg5 f4 29. g3 Nde3 30. Rxc4 Rxc4 31. Bxf4 Ng2+ 32. Kf2 Nxf4 33. Nxf4
Bh6 34. Rd1 Ra3 35. Nce2 Bxf4 36. gxf4 Rc6 37. Nd4 Rxa2+ 38. Kg3 Rc5 39. Ne6
Rc6 40. Rg1 Rcc2 41. f5 Rxh2 42. Kf4+ Kf7 43. Ng5+ Ke7 44. Rb1 Ra4+ 45. Kg3 Rh5
46. f4 Kf6 47. Rd1 h6 48. Rxd6+ Kxf5 49. Rd5+ Kg6 50. Rd6+ Kf5 51. Rd5+ Kg6 52.
Rd6+ Kg7 53. Rd7+ Kf6 54. Nh7+ 1/2-1/2

[Event "Deutsche Ländermeisterschaft 2017"]
[Site "Hannover GER"]
[Date "2017.10.04"]
[Round "7"]
[White "Reindl, Arno"]
[Black "Weißhorn, Lasse"]
[Result "0-1"]
[Termination "normal"]
[Board "7.3"]
[WhiteElo "2083"]
[BlackElo "1754"]
[WhiteTeam "Württemberg"]
[BlackTeam "Hamburg"]
[PlyCount "66"]
[WhiteFideId "12946729"]
[BlackFideId "12943045"]
[EventCountry "GER"]
[EventRounds "7"]
[EventType "team-swiss"]
[EventDate "2017.09.29"]

1. e4 e5 2. Nf3 Nc6 3. Bc4 Bc5 4. O-O Nf6 5. d3 O-O 6. c3 d5 7. exd5 Nxd5 8.
Bg5 f6 9. Bh4 Be6 10. Nbd2 Bb6 11. Re1 Qd7 12. Nf1 Rfe8 13. Bb3 Rad8 14. Bg3
Bf7 15. N3d2 Nce7 16. Nc4 Ng6 17. Nxb6 Nxb6 18. Bxf7+ Qxf7 19. d4 c5 20. Qb3
cxd4 21. Qa3 Nc4 22. Qxa7 Nxb2 23. cxd4 Rxd4 24. Reb1 Ra4 25. Qb6 Nc4 26. Qxb7
Rea8 27. Qb3 Nf8 28. Rc1 Nd7 29. Rc2 Nc5 30. Qb5 Ne4 31. Rac1 Ncd6 32. Qc6 R8a6
33. Qb5 Nxb5 0-1

[Event "Deutsche Ländermeisterschaft 2017"]
[Site "Hannover GER"]
[Date "2017.10.04"]
[Round "7"]
[White "Huo, Da"]
[Black "Yi, Danny"]
[Result "0-1"]
[Termination "normal"]
[Board "7.4"]
[WhiteElo "1659"]
[BlackElo "2070"]
[WhiteTeam "Hamburg"]
[BlackTeam "Württemberg"]
[PlyCount "66"]
[WhiteFideId "16221206"]
[BlackFideId "12988588"]
[EventCountry "GER"]
[EventRounds "7"]
[EventType "team-swiss"]
[EventDate "2017.09.29"]

1. e4 e5 2. Nf3 Nc6 3. Bc4 Bc5 4. O-O Nf6 5. d3 O-O 6. c3 d6 7. Bb3 h6 8. Nbd2
Re8 9. Re1 Be6 10. Nf1 d5 11. exd5 Nxd5 12. Ba4 Bd7 13. Ng3 Bd6 14. Bb3 Nf6 15.
Ne4 Nxe4 16. dxe4 Qf6 17. Bc4 Rad8 18. Qc2 Bg4 19. Be2 Bc5 20. a4 a5 21. Bd2
Ne7 22. Rad1 Ng6 23. b4 Ba7 24. Rf1 Nh4 25. Be3 Nxf3+ 26. gxf3 Bh3 27. Kh1 Bxf1
28. Rxf1 Bxe3 29. fxe3 Qb6 30. bxa5 Qxe3 31. Bc4 Rd2 32. Qb3 Qf4 33. Bxf7+ Kh8
0-1

[Event "Deutsche Ländermeisterschaft 2017"]
[Site "Hannover GER"]
[Date "2017.10.04"]
[Round "7"]
[White "Leser, Katrin"]
[Black "Summers, Jan"]
[Result "1/2-1/2"]
[Termination "normal"]
[Board "7.5"]
[WhiteElo "1893"]
[BlackElo "1548"]
[WhiteTeam "Württemberg"]
[BlackTeam "Hamburg"]
[PlyCount "66"]
[WhiteFideId "12997692"]
[BlackFideId "16217624"]
[EventCountry "GER"]
[EventRounds "7"]
[EventType "team-swiss"]
[EventDate "2017.09.29"]

1. e4 c5 2. Nf3 Nc6 3. d4 cxd4 4. Nxd4 g6 5. c4 Bg7 6. Be3 Nf6 7. Nc3 d6 8. Be2
O-O 9. O-O Bd7 10. Kh1 Nxd4 11. Bxd4 Bc6 12. f3 Qc7 13. Nd5 Nxd5 14. exd5 Bxd4
15. Qxd4 e5 16. dxe6 fxe6 17. Rfd1 d5 18. Rac1 e5 19. Qd2 d4 20. Bd3 Rf6 21.
Re1 Raf8 22. Be4 Bxe4 23. Rxe4 Rf4 24. Qe2 Rxe4 25. Qxe4 Re8 26. b3 Qc6 27.
Qxc6 bxc6 28. Re1 c5 29. Kg1 Kf7 30. Kf2 Kf6 31. Re4 Re6 32. Re2 h5 33. h3 g5
1/2-1/2

[Event "Deutsche Ländermeisterschaft 2017"]
[Site "Hannover GER"]
[Date "2017.10.04"]
[Round "7"]
[White "Hölzer, Jeanette"]
[Black "Kobald, Jacqueline"]
[Result "0-1"]
[Termination "normal"]
[Board "7.6"]
[WhiteElo "1406"]
[BlackElo "1833"]
[WhiteTeam "Hamburg"]
[BlackTeam "Württemberg"]
[PlyCount "118"]
[WhiteFideId "12917982"]
[BlackFideId "12988162"]
[EventCountry "GER"]
[EventRounds "7"]
[EventType "team-swiss"]
[EventDate "2017.09.29"]

1. e4 c5 2. Nc3 Nc6 3. g3 e6 4. Bg2 g6 5. d3 Bg7 6. Nge2 Nge7 7. O-O O-O 8. Be3
Nd4 9. f4 d6 10. g4 Bd7 11. Ng3 Rb8 12. Rb1 b5 13. Nce2 Qc7 14. c3 Nxe2+ 15.
Qxe2 d5 16. f5 exf5 17. gxf5 d4 18. Bg5 Nc6 19. f6 Bh8 20. cxd4 Nxd4 21. Qf2
Qb6 22. Rbc1 Rfe8 23. Rfe1 a5 24. Ne2 h6 25. Bxh6 Qxf6 26. Qxf6 Bxf6 27. Be3
Rbc8 28. Nxd4 cxd4 29. Bd2 b4 30. a3 Bh4 31. Rf1 bxa3 32. bxa3 a4 33. Bb4 Bb5
34. Rxc8 Rxc8 35. Rd1 Rc2 36. Bf1 Bg5 37. Re1 Be3+ 38. Kh1 Bf4 39. h3 Ra2 40.
Rd1 Kg7 41. Bc5 Be3 42. Rb1 Bd7 43. Rb4 Rxa3 44. Bxd4+ Bxd4 45. Rxd4 Be6 46.
Rb4 Ra1 47. Kg2 a3 48. Ra4 a2 49. d4 Bb3 50. Ra3 Rb1 51. d5 a1=Q 52. Rxa1 Rxa1
53. Bb5 Ba4 54. Bc4 Ra3 55. Kf2 Kf6 56. Ke2 Ke5 57. d6 Kxd6 58. Bxf7 g5 59. Kf2
Rxh3 0-1

[Event "Deutsche Ländermeisterschaft 2017"]
[Site "Hannover GER"]
[Date "2017.10.04"]
[Round "7"]
[White "Reindl, Jork"]
[Black "Abicht, Aruna Sophia"]
[Result "1-0"]
[Termination "normal"]
[Board "7.7"]
[WhiteElo "1509"]
[BlackElo "1349"]
[WhiteTeam "Württemberg"]
[BlackTeam "Hamburg"]
[PlyCount "83"]
[WhiteFideId "16200152"]
[EventCountry "GER"]
[EventRounds "7"]
[EventType "team-swiss"]
[EventDate "2017.09.29"]

1. e4 e5 2. Nf3 Nc6 3. Bc4 g6 4. d3 Bg7 5. Nc3 Nge7 6. Be3 O-O 7. O-O d6 8. h3
Be6 9. Bb3 Bxb3 10. axb3 f5 11. exf5 Nxf5 12. Bg5 Qd7 13. Bd2 d5 14. Re1 Rae8
15. Na4 b6 16. Nc3 a5 17. Qc1 Ncd4 18. Nxd4 Nxd4 19. Ne2 Qf5 20. Be3 Bh6 21.
Nxd4 Bxe3 22. Qxe3 exd4 23. Qxd4 c5 24. Qh4 g5 25. Qg3 c4 26. bxc4 Rxe1+ 27.
Rxe1 dxc4 28. dxc4 Qxc2 29. Qxg5+ Kh8 30. Qe5+ Kg8 31. Qe6+ Kh8 32. Qxb6 a4 33.
Qd4+ Kg8 34. Qg4+ Kh8 35. Qe2 Qb3 36. Qe5+ Kg8 37. Qg3+ Qxg3 38. fxg3 Rb8 39.
Re2 Rb4 40. Rc2 Kf7 41. c5 Ke6 42. c6 1-0

[Event "Deutsche Ländermeisterschaft 2017"]
[Site "Hannover GER"]
[Date "2017.10.04"]
[Round "7"]
[White "Kieckbusch, Lotta"]
[Black "Liu, Sijia Anna"]
[Result "0-1"]
[Termination "normal"]
[Board "7.8"]
[WhiteElo "1221"]
[BlackElo "1577"]
[WhiteTeam "Hamburg"]
[BlackTeam "Württemberg"]
[PlyCount "72"]
[WhiteFideId "16214390"]
[BlackFideId "12989746"]
[EventCountry "GER"]
[EventRounds "7"]
[EventType "team-swiss"]
[EventDate "2017.09.29"]

1. e4 c5 2. Nc3 e6 3. g3 Nc6 4. Bg2 g6 5. d3 Bg7 6. Nge2 Nge7 7. O-O O-O 8. h3
d5 9. Rb1 a6 10. Na4 Qa5 11. b3 Nd4 12. f4 b5 13. Bd2 Qc7 14. Nb2 Bb7 15. c3
Nxe2+ 16. Qxe2 Rad8 17. g4 f5 18. e5 Nc6 19. h4 d4 20. Rbc1 dxc3 21. Bxc3 Rf7
22. Kh2 b4 23. Bd2 Nxe5 24. Bxb7 Nxg4+ 25. Kg1 Bd4+ 26. Kh1 Qxb7+ 27. Qf3 Qxf3+
28. Rxf3 Bxb2 29. Rxc5 Rb7 30. Rc6 Kf7 31. Rxa6 Rc8 32. Rf1 Rc2 33. Be1 Rh2+
34. Kg1 Bd4+ 35. Bf2 Bxf2+ 36. Rxf2 Rxf2 0-1

[Event "Deutsche Ländermeisterschaft 2017"]
[Site "Hannover GER"]
[Date "2017.10.04"]
[Round "7"]
[White "Weishäutel, Moritz"]
[Black "Rahnfeld, Jens"]
[Result "1/2-1/2"]
[Termination "normal"]
[Board "8.1"]
[BlackTitle "FM"]
[WhiteElo "2077"]
[BlackElo "2310"]
[WhiteTeam "Thüringen"]
[BlackTeam "Baden 2"]
[PlyCount "49"]
[WhiteFideId "12967300"]
[BlackFideId "12939617"]
[EventCountry "GER"]
[EventRounds "7"]
[EventType "team-swiss"]
[EventDate "2017.09.29"]

1. e4 c5 2. Nf3 d6 3. d4 cxd4 4. Nxd4 Nf6 5. Nc3 a6 6. Bc4 e6 7. a4 Nc6 8. Be3
Be7 9. O-O O-O 10. f4 Qc7 11. Ba2 Bd7 12. Qf3 Nxd4 13. Bxd4 e5 14. Be3 exf4 15.
Qxf4 Be6 16. Bd4 Bxa2 17. Rxa2 Qc4 18. Rd1 Rfe8 19. b3 Qc6 20. Rf1 Bd8 21. Bxf6
Bxf6 22. Nd5 Re6 23. c4 Rae8 24. Kh1 Kh8 25. Re2 1/2-1/2

[Event "Deutsche Ländermeisterschaft 2017"]
[Site "Hannover GER"]
[Date "2017.10.04"]
[Round "7"]
[White "Boes, Julian"]
[Black "Philipp, Mathias"]
[Result "1/2-1/2"]
[Termination "normal"]
[Board "8.2"]
[WhiteElo "2067"]
[BlackElo "2108"]
[WhiteTeam "Baden 2"]
[BlackTeam "Thüringen"]
[PlyCount "60"]
[WhiteFideId "12907723"]
[BlackFideId "12958883"]
[EventCountry "GER"]
[EventRounds "7"]
[EventType "team-swiss"]
[EventDate "2017.09.29"]

1. b3 e5 2. Bb2 Nc6 3. e3 a6 4. Nf3 e4 5. Nd4 Nxd4 6. Bxd4 Nf6 7. d3 exd3 8.
cxd3 d5 9. Nd2 Be7 10. Be2 O-O 11. Qc2 b6 12. Bb2 Bb7 13. O-O Re8 14. Rac1 Bd6
15. Nf3 Rc8 16. Qb1 c5 17. d4 Ne4 18. Qa1 f6 19. Rfd1 Qd7 20. Nd2 f5 21. Nxe4
fxe4 22. Rd2 Qe7 23. dxc5 bxc5 24. Rcd1 Rcd8 25. Bc3 Rf8 26. Bf1 Bc7 27. Re1
Rf3 28. g3 Rdf8 29. Qb2 Qf7 30. b4 c4 1/2-1/2

[Event "Deutsche Ländermeisterschaft 2017"]
[Site "Hannover GER"]
[Date "2017.10.04"]
[Round "7"]
[White "Carnot, Luca"]
[Black "Wiesner, Alexander"]
[Result "1-0"]
[Termination "normal"]
[Board "8.3"]
[WhiteElo "1968"]
[BlackElo "1935"]
[WhiteTeam "Thüringen"]
[BlackTeam "Baden 2"]
[PlyCount "47"]
[WhiteFideId "12958964"]
[BlackFideId "12943991"]
[EventCountry "GER"]
[EventRounds "7"]
[EventType "team-swiss"]
[EventDate "2017.09.29"]

1. Nf3 d5 2. g3 c5 3. Bg2 Nc6 4. d4 e6 5. O-O Nf6 6. c4 Bd6 7. Nc3 cxd4 8. Nxd4
Nxd4 9. Qxd4 e5 10. Qd3 d4 11. Nd5 Nxd5 12. Bxd5 O-O 13. Bd2 Bh3 14. Rfc1 Qe7
15. Qf3 Rae8 16. c5 Bxc5 17. g4 Qh4 18. Rxc5 Bxg4 19. Qg3 Qh5 20. f3 Bc8 21.
Rc7 Kh8 22. Bb4 Be6 23. Bxf8 Bxd5 24. Qxg7# 1-0

[Event "Deutsche Ländermeisterschaft 2017"]
[Site "Hannover GER"]
[Date "2017.10.04"]
[Round "7"]
[White "Wu, Luka"]
[Black "Schlick, Stefan"]
[Result "1/2-1/2"]
[Termination "normal"]
[Board "8.4"]
[WhiteElo "1902"]
[BlackElo "1973"]
[WhiteTeam "Baden 2"]
[BlackTeam "Thüringen"]
[PlyCount "58"]
[WhiteFideId "12977420"]
[BlackFideId "16211332"]
[EventCountry "GER"]
[EventRounds "7"]
[EventType "team-swiss"]
[EventDate "2017.09.29"]

1. e4 e5 2. Nf3 Nc6 3. Bb5 Nf6 4. Nc3 Bb4 5. O-O O-O 6. d3 d6 7. Bg5 Bxc3 8.
bxc3 Qe7 9. Re1 Nd8 10. h3 Ne6 11. Be3 c5 12. Qe2 a6 13. Bc4 b5 14. Bb3 Bd7 15.
Bxe6 Qxe6 16. Nh2 Rae8 17. Bg5 h6 18. Bh4 Kh8 19. Qf3 g5 20. Bg3 Ng8 21. d4 Qg6
22. dxe5 dxe5 23. Rad1 Bc8 24. Rd5 f6 25. Rxc5 h5 26. h4 g4 27. Qe2 Bb7 28. f4
exf4 29. Bxf4 Rxe4 1/2-1/2